000 01553nam0a2200349 4500
001 RU\NLR\bibl\1017778
005 20260405082406.0
010 _a5-466-00170-8
_93000
021 _aRU
_b2006-67210
_93377
035 _a(nilc)EL/0000089749
035 _a(NLR Aleph) 001005337
090 _a604527
_c604527
100 _a20061027d2007 |||y0rusy50 ca
101 0 _arus
102 _aRU
105 _ay j |||||
200 1 _aСоциальная философия для юристов
_eочерк истории
_eучебное пособие для студентов юридических вузов и факультетов
_fЕ. А. Иванов
210 _aМосква
_cВолтерс Клувер
_d2007 [т. е. 2006]
215 _a886 с.
_d22
300 _aНа обороте тит.л. авт.: Иванов Е. А. - д. филос. н., проф.
300 _aКн. фактически изд. в 2006 г.
606 1 _aСоциальная философия
_jУчебные издания для высших учебных заведений
_91917054
_3RU\NLR\auth\661163051
686 _a60.001я73
_vLBC/RL
_2rubbk
686 _aЮ6я73
700 1 _4070
_8rus
_7ca
_aИванов
_bЕ. А.
_cд-р филос. наук
_gЕвгений Акимович
_3RU\NLR\AUTH\7729073
_912102
801 0 _aRU
_bВологодская ОУНБ
_c20061027
_grcr
801 1 _aRU
_bВологодская ОУНБ
_c20061027
801 2 _aRU
_bNLR
_c20061206
_grcr
942 _cBOOK
980 _aNB